Score 0/20 Timer 04:00
0 Plays Today
% Correct
Clown
99.3%
Clock
99.1%
Crab
98.8%
Camera
98.5%
Chocolate Cupcake
98%
Corncob
97.9%
Cheddar Cheese
97.8%
Crayons
97.5%
Cloud
97.2%
Comb
96.8%
% Correct
Cactus
96.6%
Cannon
95.4%
Cabbage
94.4%
Cheetah
92.6%
Cherry
92.5%
Candy Cane
91.9%
Coral
79.9%
Carpet
74.9%
Cinnamon
74.1%
Chameleon
73.9%
Come Together.
Have Fun.
All Virtual.
We all need to come together. Play Sporcle's virtual live trivia to have fun, connect with people, and get your trivia on. Join a live hosted trivia game for your favorite pub trivia experience done virtually. If a virtual private party is more your thing, go here for details.

You're not logged in!

Compare scores with friends on all Sporcle quizzes.
OR
Log In

Sporcle TV

Today on Sporcle TV


Watch our educational content, quiz creation guides, and fun videos on Sporcle TV.

Show Comments

Extras

Top Quizzes Today


Score Distribution

Paid Content

Your Account Isn't Verified!

In order to create a playlist on Sporcle, you need to verify the email address you used during registration. Go to your Sporcle Settings to finish the process.

Report this User

Report this user for behavior that violates our Community Guidelines.

Details: